{"text_format":"3","workbook":"xlsx","n_sheets":2,"sheets":["Sheet1","Sheet2"],"read":"whole","date_system":"1900"}

{"sheet":"Sheet1","index":0,"n_rows":9,"n_cols":4,"rows_kept":9,"merged":[[0,0,0,3],[2,0,3,0],[2,1,3,1],[2,2,3,2],[2,3,3,3],[4,0,5,0],[4,1,5,1],[4,2,5,2],[4,3,5,3]]}
["技术参数要求"]
["序号","名称","技术参数","数量（米)"]
[1,"窗帘布（一）","一、面料技术参数：\n1、成分：100%聚酯纤维；\n2、织物密度：经密≥700根/10cm，纬密≥480 根/10cm；\n3、单位面积克重：≥520g/㎡；\n4、甲醛含量： ≤75mg/kg；\n5、可分解致癌芳香胺染料，无检出；\n6、含氯苯酚：≤0.05mg/kg；\n7、PH 值：4.0-9.0；\n8、无异味；\n9、耐皂洗色牢度(背光面)：变色、沾色≥4级；\n10、耐水洗色牢度(背光面)：变色、沾色≥4级；\n11、耐干、湿摩擦色牢度(背光面)：≥4级；\n12、耐酚黄变(背光面)：≥4级；\n13、耐光色牢度(迎光面) ：≥4级；\n14、遮光率：≥95%；\n15、抗紫外线：T(UVA)平均值＜5%，UPF＞50；\n16、电荷面密度：≤10uC/m2；\n17、织物悬垂性：≤80%；\n18、勾丝 (背光面) ：≥2 级；\n19、顶破强力 (钢球法) ：≥3500N；\n20、断裂强力 (条样法) ：经向 ≥1600N，纬向≥2500N；\n21、撕破强力 (N) ：经向≥60 N，纬向≥60N；\n二、阻燃要求 (水洗50次后) ：\n1、 续燃时间：经向≤5S，纬向≤5S；\n2、阴燃时间：经向≤5S，纬向≤5S；\n3、损毁长度：经向≤150mm，纬向≤150mm；\n4、熔融滴落物：未引起脱脂棉燃烧或阴燃；\n三、抗菌性能：\n1、金黄色葡萄球菌抑菌率≥70%；\n2、大肠杆菌抑菌率≥70%；\n3、白色念珠菌抑菌率≥70%。\n四、制作工艺要求：\n1、遮光布帘制作样式为：韩式，高温定型工艺，布帘侧包边宽度3cm，底边包边宽度12cm，成品高度误差不超过0.5cm，宽度不能小于要求制作的宽度，不能超过要求宽度15cm以上，成品无线头无污迹。布帘熨烫衬的时候要保持丝縷平直，不起泡，无线头杂物。\n2、每米成品布艺窗帘制作8个标准褶皱。、\n3、缝制针距均匀牢固表面平整每10cm不少于35针。\n4、褶皱比例：1：2.5",223.4]
[]
[2,"窗帘布（二）","一、面料技术参数：\n1、成分：100%聚酯纤维；\n2、织物密度：经密≥700根/10cm，纬密≥480 根/10cm；\n3、单位面积克重：≥380g/㎡；\n4、甲醛含量： ≤75mg/kg；\n5、可分解致癌芳香胺染料，无检出；\n6、含氯苯酚：≤0.05mg/kg；\n7、PH 值：4.0-9.0；\n8、无异味；\n9、耐皂洗色牢度(背光面)：变色、沾色≥4级；\n10、耐水洗色牢度(背光面)：变色、沾色≥4级；\n11、耐干、湿摩擦色牢度(背光面)：≥4级；\n12、耐酚黄变(背光面)：≥4级；\n13、耐光色牢度(迎光面) ：≥4级；\n14、遮光率：≥85%；\n15、抗紫外线：T(UVA)平均值＜5%，UPF＞50；\n16、电荷面密度：≤10uC/m2；\n17、织物悬垂性：≤80%；\n18、勾丝 (背光面) ：≥2 级；\n19、顶破强力 (钢球法) ：≥3500N；\n20、断裂强力 (条样法) ：经向 ≥1600N，纬向≥2500N；\n21、撕破强力 (N) ：经向≥60 N，纬向≥60N；\n二、阻燃要求 (水洗50次后) ：\n1、 续燃时间：经向≤5S，纬向≤5S；\n2、阴燃时间：经向≤5S，纬向≤5S；\n3、损毁长度：经向≤150mm，纬向≤150mm；\n4、熔融滴落物：未引起脱脂棉燃烧或阴燃；\n三、抗菌性能：\n1、金黄色葡萄球菌抑菌率≥70%；\n2、大肠杆菌抑菌率≥70%；\n3、白色念珠菌抑菌率≥70%。\n四、制作工艺要求：\n1、遮光布帘制作样式为：韩式，高温定型工艺，布帘侧包边宽度3cm，底边包边宽度12cm，成品高度误差不超过0.5cm，宽度不能小于要求制作的宽度，不能超过要求宽度15cm以上，成品无线头无污迹。布帘熨烫衬的时候要保持丝縷平直，不起泡，无线头杂物。\n2、每米成品布艺窗帘制作8个标准褶皱。、\n3、缝制针距均匀牢固表面平整每10cm不少于35针。\n4、褶皱比例：1：2.5",407.4]
[]
[3,"帝王纱","1、纤维成分为聚酯纤维100%；\n2、单位面积质量≥150g/㎡，\n3、密度经向≥200根/10cm，纬向≥100根/10cm，\n4、耐水色牢度≥3级；\n5、耐酸汗渍色牢度≥3级；\n6、耐碱汗渍色牢度≥3级；\n7、耐干摩擦色牢度≥3级；\n8、耐湿摩擦色牢度≥3级；\n9、耐光色牢度≥3级；\n10、须达到B1级阻燃，即续燃时间≤5s、阴燃时间≤5s、损毁长度≤150mm。\n11、甲醛含量≤20mg/kg，\n12、PH值4.0～9.0，\n13、无异味，\n14、可分解致癌芳香胺染料≤20mg/kg。\n\n制作工艺要求：\n1、遮光布帘制作样式为：韩式，高温定型工艺，布帘侧包边宽度3cm，底边包边宽度12cm，成品高度误差不超过0.5cm，宽度不能小于要求制作的宽度，不能超过要求宽度15cm以上，成品无线头无污迹。布帘熨烫衬的时候要保持丝縷平直，不起泡，无线头杂物。\n2、每米成品布艺窗帘制作8个标准褶皱。、\n3、缝制针距均匀牢固表面平整每10cm不少于35针。\n4、褶皱比例：1：2.5\n",485.1]
[4,"追风电雕纱","1、纤维成分为聚酯纤维100%；\n2、单位面积质量≥150g/㎡，\n3、密度经向≥200根/10cm，纬向≥100根/10cm，\n4、耐水色牢度≥3级；\n5、耐酸汗渍色牢度≥3级；\n6、耐碱汗渍色牢度≥3级；\n7、耐干摩擦色牢度≥3级；\n8、耐湿摩擦色牢度≥3级；\n9、耐光色牢度≥3级；\n10、须达到B1级阻燃，即续燃时间≤5s、阴燃时间≤5s、损毁长度≤150mm。\n11、甲醛含量≤20mg/kg，\n12、PH值4.0～9.0，\n13、无异味，\n14、可分解致癌芳香胺染料≤20mg/kg。\n\n制作工艺要求：\n1、遮光布帘制作样式为：韩式，高温定型工艺，布帘侧包边宽度3cm，底边包边宽度12cm，成品高度误差不超过0.5cm，宽度不能小于要求制作的宽度，不能超过要求宽度15cm以上，成品无线头无污迹。布帘熨烫衬的时候要保持丝縷平直，不起泡，无线头杂物。\n2、每米成品布艺窗帘制作8个标准褶皱。、\n3、缝制针距均匀牢固表面平整每10cm不少于35针。\n4、褶皱比例：1：2.5\n",1375.8]
[5,"铝合金轨道","1、外观质量：铝合金轨道外观无明显扭曲，表面涂层均匀，无皱纹、裂纹、鼓泡、流痕、发粘、凹陷、 暗斑、针孔、划伤等影响使用的可视缺陷； \n2、力学性能/Mpa：抗拉强度≥220、规定非比例延伸强度≥200；断后伸长率≥13%； \n3、韦氏硬度/HW：≥12；\n4、扭拧度/（mm/m）：≤0.1； \n5、角度偏差/°（度）：≤0.1； \n6、平面间隙/mm：≤0.1； \n7、斜切度/°（度）：≤0.1；\n8、化学成分符合国家要求/%:Si:0.2～0.6；Mn≤0.1； \nCu≤0.1；Mg:0.45～0.9；Zn≤0.1；Cr≤0.1；Fe ≤0.35；Ti≤0.1； \n9、复合膜局部膜厚/μm：≥16；\n10、漆膜局部膜厚/μm≥18；\n11、阳极氧化膜局部膜厚/μm≧8；\n12、漆膜硬度/H:≥5H；\n13、干、湿附着性应达到 0 级； \n14、耐碱性保护等级达到 10 级； \n15、沸水试验后的膜层附着性涂层无脱落、起泡、起皱等现象，沸水试验后的膜层外观达到 0 级； \n16、盐雾试验经过24h中性盐雾试验后，1.5mm以下绣点≦20点/d㎡；\n17、轨道壁厚/mm：≥2；\n18、轨道规格/mm：≥ 33* 23； \n19、安装码宽度/mm：≥ 28* 63；\n20、轨道承重安装固定后1米承重≥180kg无破坏；\n21、安装码安装固定后承重≥50kg无破坏； \n22、轨道克重/（g/m）≥700(不含配件) ；\n23、轨道安装配件POS膨胀管，304不秀钢螺丝；\n24、吊环承重固定后承重≥30㎏无破坏。",811.43]

{"sheet":"Sheet2","index":1,"n_rows":17,"n_cols":6,"rows_kept":17,"merged":[[0,0,0,5]]}
["四川国际航展（ACC飞街片区）室内装具采购项目-预算价格"]
["序号","名称","数量","单位","单价（元）","合计（元）"]
[1,"客房窗帘布",3150,"m",128,{"$f":"E3*C3","v":403200}]
[2,"客房纱",3150,"m",85,267750]
[3,"餐厅包间+棋牌室布帘",680,"m",115,78200]
[4,"餐厅包间+棋牌室纱",680,"m",75,51000]
[5,"会议室窗帘布",345,"m",115,39675]
[6,"会议室纱",345,"m",68,23460]
[7,"电动轨道",4200,"m",90,378000]
[8,"电机",400,"m",600,240000]
[9,"布带",13362,"m",15,200430]
[10,"宴会厅布帘",720,"m",120,86400]
[11,"宴会厅纱",720,"m",85,61200]
[12,"公区布帘",450,"m",105,47250]
[13,"公区纱",450,"m",60,27000]
[14,"手动轨道",360,"m",70,25200]
[{"$nulls":5},{"$f":"SUM(F3:F16)","v":1928765}]